[Event "5th EKA IIFL Investment 2019"]
[Site "Mumbai"]
[Date "2020.01.06"]
[Round "8.51"]
[White "Tiwari, Arjun"]
[Black "Jeet, Jain"]
[Result "1-0"]
[WhiteElo "2101"]
[BlackElo "2258"]
[Annotator "RC"]
[PlyCount "143"]
[EventDate "2019.12.30"]
[EventType "swiss"]
[EventCountry "IND"]
[SourceTitle "playchess.com"]
[Source "ChessBase"]
[SourceQuality "1"]
[TimeControl "40/5400+30:1800+30"]

1. e4 {[%emt 0:11:32]} e5 {[%emt 0:00:00]} 2. Nc3 {[%emt 0:00:09]} Nf6 3. f4 {[%emt 0:00:19]} d5 {[%emt 0:01:46]} 4. fxe5 {[%emt 0:00:10]} Nxe4 {[%emt 0:00:08]} 5. Nf3 {[%emt 0:00:03]} Be6 {[%emt 0:03:57]} 6. d4 {[%emt 0:00:26]} Be7 {[%emt 0:01:36]} 7. Bd3 {[%emt 0:01:20]} Nxc3 {[%emt 0:02:44]} 8. bxc3 {[%emt 0:00:06]} c5 {[%emt 0:00:31]} 9. O-O {[%emt 0:01:13]} Nc6 {[%emt 0:01:02]} 10. dxc5 {[%emt 0:01:17]} Bxc5+ {[%emt 0:07:49]} 11. Kh1 {[%emt 0:00:09]} h6 {[%emt 0:00:23]} 12. Rb1 {[%emt 0:07:13]} Qc7 {[%emt 0:07:30]} 13. Bf4 {[%emt 0:00:49]} O-O-O {[%emt 0:02:40]} 14. Qe2 {[%emt 0:04:21]} g5 {[%emt 0:00:24]} 15. Bg3 {[%emt 0:00:58]} Qe7 {[%emt 0:28:32]} 16. Bb5 {[%emt 0:09:03]} Na5 {[%emt 0:02:41]} 17. Nd4 {[%emt 0:01:16]} Bxd4 {[%emt 0:04:47]} 18. cxd4 {[%emt 0:00:31]} Nc4 {[%emt 0:00:28]} 19. Be1 {[%emt 0:01:05]} g4 20. Bb4 {[%emt 0:07:20]} Qh4 {[%emt 0:06:34]} 21. g3 {[%emt 0:12:52]} Qg5 {[%emt 0:01:48]} 22. Rf6 {[%emt 0:01:26]} Rd7 23. Bxd7+ {[%emt 0:05:51]} Kxd7 {[%emt 0:14:44]} 24. Ba3 {[%emt 0:04:06]} Kc8 {[%emt 0:03:16]} 25. Bc1 {[%emt 0:01:55]} Qg7 {[%emt 0:00:10]} 26. Qe1 {[%emt 0:02:16]} h5 {[%emt 0:02:32]} 27. Rb3 {[%emt 0:08:39]} b6 {[%emt 0:00:23]} 28. Kg1 {[%emt 0:02:11]} Qh7 {[%emt 0:01:10]} 29. Qf2 {[%emt 0:06:46]} Qe4 {[%emt 0:00:07]} 30. Rd3 {[%emt 0:01:24]} a5 {[%emt 0:01:20]} 31. Rd1 {[%emt 0:01:14]} Qh7 {[%emt 0:00:20]} 32. Bg5 {[%emt 0:02:45]} Qg8 {[%emt 0:00:00]} 33. Bc1 {[%emt 0:00:00]} Qh7 {[%emt 0:01:00]} 34. Bg5 {[%emt 0:01:00]} Qg8 {[%emt 0:00:24]} 35. Qf4 {[%emt 0:01:41]} Qe8 {[%emt 0:01:00]} 36. Rf1 Rh7 {[%emt 0:00:13]} 37. Bh6 {[%emt 0:04:21]} Qa4 {[%emt 0:00:23]} 38. Qg5 {[%emt 0:00:07]} Qxc2 {[%emt 0:00:06]} 39. R6f2 {[%emt 0:00:57]} Qd3 {[%emt 0:00:16]} 40. Qg8+ {[%emt 0:00:17]} Kb7 {[%emt 0:00:04]} 41. Bg5 {[%emt 0:30:11]} h4 {[%emt 0:31:14]} 42. gxh4 {[%emt 0:00:00]} g3 {[%emt 0:00:00]} 43. Rf3 {[%emt 0:00:00]} Qxd4+ {[%emt 0:00:00]} 44. Kh1 {[%emt 0:00:00]} Qe4 {[%emt 0:00:00]} 45. Kg1 {[%emt 0:00:00]} gxh2+ {[%emt 0:00:00]} 46. Kxh2 {[%emt 0:00:00]} Nxe5 {[%emt 0:00:00]} 47. Rf4 {[%emt 0:00:00]} Nc4 {[%emt 0:00:00]} 48. R4f3 {[%emt 0:00:00]} Ne5 {[%emt 0:00:00]} 49. Rf4 {[%emt 0:00:00]} Ng4+ {[%emt 0:00:00]} 50. Kg3 {[%emt 0:00:00]} Qe3+ {[%emt 0:04:16]} 51. R4f3 {[%emt 0:00:00]} Qe2 {[%emt 0:01:00]} 52. Rxf7+ {[%emt 0:00:00]} Rxf7 {[%emt 0:00:49]} 53. Rxf7+ {[%emt 0:00:00]} Bxf7 {[%emt 0:00:31]} 54. Qxf7+ {[%emt 0:00:00]} Ka6 {[%emt 0:03:38]} 55. Qxd5 {[%emt 0:00:00]} Ne5 {[%emt 0:00:17]} 56. Kf4 {[%emt 0:03:31]} Nd3+ {[%emt 0:01:48]} 57. Kf5 {[%emt 0:00:03]} Nb4 {[%emt 0:00:26]} 58. Qe6 {[%emt 0:00:58]} Qd3+ {[%emt 0:00:33]} 59. Kf6 {[%emt 0:00:16]} Nd5+ {[%emt 0:00:35]} 60. Kg7 {[%emt 0:00:19]} Qd4+ {[%emt 0:00:37]} 61. Kh7 {[%emt 0:00:23]} Qc4 {[%emt 0:00:48]} 62. a4 {[%emt 0:00:41]} Qc2+ {[%emt 0:00:17]} 63. Kh6 {[%emt 0:00:25]} Nb4 {[%emt 0:00:41]} 64. Be3 {[%emt 0:00:26]} Qc6 {[%emt 0:01:01]} 65. Qxc6 {[%emt 0:00:22]} Nxc6 {[%emt 0:00:01]} 66. Bg5 {[%emt 0:02:09]} Nd4 {[%emt 0:00:49]} 67. Kg6 {[%emt 0:00:15]} b5 {[%emt 0:00:23]} 68. axb5+ {[%emt 0:00:25]} Kxb5 {[%emt 0:00:01]} 69. h5 {[%emt 0:00:38]} a4 {[%emt 0:01:17]} 70. h6 {[%emt 0:00:19]} a3 {[%emt 0:00:23]} 71. Bf6 {[%emt 0:00:13]} Ne6 {[%emt 0:00:43]} 72. Kf7 {[%emt 0:00:09]} 1-0

[Event "5th EKA IIFL Investment 2019"]
[Site "Mumbai"]
[Date "2020.01.06"]
[Round "8.52"]
[White "Sapaev, Maksad"]
[Black "Gaikwad, Siddhant"]
[Result "1/2-1/2"]
[WhiteElo "2250"]
[BlackElo "2028"]
[Annotator "ChessBase"]
[PlyCount "100"]
[EventDate "2019.12.30"]
[EventType "swiss"]
[EventCountry "IND"]
[SourceTitle "playchess.com"]
[Source "ChessBase"]
[SourceQuality "1"]
[TimeControl "40/5400+30:1800+30"]

1. e4 {[%emt 0:04:38]} c5 {[%emt 0:00:00]} 2. Nf3 {[%emt 0:00:06]} d6 {[%emt 0:00:00]} 3. d4 {[%emt 0:00:05]} cxd4 {[%emt 0:00:00]} 4. Nxd4 {[%emt 0:00:03]} Nf6 {[%emt 0:00:00]} 5. Nc3 {[%emt 0:00:05]} g6 {[%emt 0:00:00]} 6. Be3 {[%emt 0:00:17]} Bg7 {[%emt 0:00:01]} 7. f3 {[%emt 0:00:03]} O-O {[%emt 0:00:06]} 8. Qd2 {[%emt 0:00:05]} Nc6 {[%emt 0:00:04]} 9. Bc4 {[%emt 0:00:06]} Bd7 {[%emt 0:00:05]} 10. Bb3 {[%emt 0:00:05]} Rc8 {[%emt 0:02:31]} 11. O-O-O {[%emt 0:00:27]} Ne5 {[%emt 0:00:40]} 12. Kb1 {[%emt 0:01:35]} Nc4 {[%emt 0:00:07]} 13. Bxc4 {[%emt 0:00:05]} Rxc4 {[%emt 0:00:04]} 14. h4 {[%emt 0:00:33]} h5 {[%emt 0:06:59]} 15. Nb3 {[%emt 0:09:13]} a5 {[%emt 0:10:50]} 16. e5 {[%emt 0:08:03]} dxe5 {[%emt 0:25:24]} 17. Nd5 {[%emt 0:08:14]} a4 {[%emt 0:01:54]} 18. Nxf6+ {[%emt 0:02:28]} Bxf6 {[%emt 0:00:14]} 19. Qxd7 {[%emt 0:05:03]} Qxd7 {[%emt 0:00:14]} 20. Rxd7 {[%emt 0:00:02]} axb3 {[%emt 0:00:09]} 21. cxb3 {[%emt 0:00:17]} Rxh4 {[%emt 0:08:47]} 22. Rxh4 {[%emt 0:00:04]} Bxh4 {[%emt 0:00:07]} 23. Rxb7 {[%emt 0:00:02]} f5 {[%emt 0:06:22]} 24. a4 {[%emt 0:00:43]} f4 {[%emt 0:01:23]} 25. Bc5 {[%emt 0:00:25]} e4 {[%emt 0:01:31]} 26. fxe4 {[%emt 0:00:09]} Be1 {[%emt 0:00:49]} 27. Bxe7 {[%emt 0:07:38]} f3 {[%emt 0:03:00]} 28. gxf3 {[%emt 0:00:28]} Rxf3 {[%emt 0:00:10]} 29. e5 {[%emt 0:00:26]} h4 {[%emt 0:00:24]} 30. Bf6 {[%emt 0:02:47]} h3 {[%emt 0:01:53]} 31. Rg7+ {[%emt 0:01:27]} Kf8 {[%emt 0:00:27]} 32. Rh7 {[%emt 0:12:35]} Kg8 {[%emt 0:10:17]} 33. Rh8+ {[%emt 0:01:24]} Kf7 {[%emt 0:00:07]} 34. Ka2 {[%emt 0:08:13]} Bd2 {[%emt 0:02:55]} 35. b4 {[%emt 0:03:00]} Bxb4 {[%emt 0:04:24]} 36. Bg5 {[%emt 0:00:31]} Rf5 {[%emt 0:04:01]} 37. Be3 {[%emt 0:06:26]} Rh5 {[%emt 0:00:43]} 38. Rxh5 {[%emt 0:01:09]} gxh5 {[%emt 0:00:08]} 39. Bg1 {[%emt 0:00:26]} Be1 {[%emt 0:07:08]} 40. Kb1 {[%emt 0:00:00]} h4 {[%emt 0:00:00]} 41. a5 {[%emt 0:07:23]} Bxa5 {[%emt 0:01:32]} 42. Kc2 {[%emt 0:00:22]} Bb6 {[%emt 0:01:51]} 43. Bh2 {[%emt 0:00:03]} Bf2 {[%emt 0:00:12]} 44. Kd3 {[%emt 0:00:06]} Bg3 {[%emt 0:00:13]} 45. Bg1 {[%emt 0:00:02]} h2 {[%emt 0:00:37]} 46. Bxh2 {[%emt 0:00:02]} Bxh2 {[%emt 0:00:07]} 47. Ke2 {[%emt 0:00:43]} h3 {[%emt 0:00:33]} 48. Kf3 {[%emt 0:00:07]} Bxe5 {[%emt 0:00:22]} 49. Kf2 {[%emt 0:00:01]} Bh2 {[%emt 0:00:35]} 50. Kf3 {[%emt 0:00:05]} Bd6 {[%emt 0:00:56]} 1/2-1/2

[Event "5th EKA IIFL Investment 2019"]
[Site "Mumbai"]
[Date "2020.01.06"]
[Round "8.53"]
[White "Lokesh, N.."]
[Black "Anadkat Kartavya"]
[Result "1-0"]
[WhiteElo "2240"]
[BlackElo "2023"]
[Annotator "ChessBase"]
[PlyCount "55"]
[EventDate "2019.12.30"]
[EventType "swiss"]
[EventCountry "IND"]
[SourceTitle "playchess.com"]
[Source "ChessBase"]
[SourceQuality "1"]
[TimeControl "40/5400+30:1800+30"]

1. e4 c5 2. Nf3 e6 3. d4 cxd4 4. Nxd4 Nc6 5. Nc3 Qc7 6. Be2 Nf6 7. O-O Be7 8. Kh1 d6 9. Ndb5 Qb8 10. Bf4 e5 11. Bg5 a6 12. Bxf6 gxf6 13. Na3 b5 14. Nd5 f5 15. exf5 Bxf5 16. f4 Be6 17. f5 Bd7 18. Bh5 Rf8 19. c3 Na7 20. Nc2 Bc6 21. f6 Bd8 22. Nce3 Bd7 23. Qd3 Bb6 24. Qxh7 Be6 25. Bg4 Nc6 26. Rad1 Bxe3 27. Bxe6 Ra7 28. Bg4 1-0

[Event "5th EKA IIFL Investment 2019"]
[Site "Mumbai"]
[Date "2020.01.06"]
[Round "8.54"]
[White "Bakshi, Rutuja"]
[Black "Ziatdinov, Raset"]
[Result "0-1"]
[WhiteElo "2075"]
[BlackElo "2204"]
[Annotator "ChessBase"]
[PlyCount "66"]
[EventDate "2019.12.30"]
[EventType "swiss"]
[EventCountry "IND"]
[SourceTitle "playchess.com"]
[Source "ChessBase"]
[SourceQuality "1"]
[TimeControl "40/5400+30:1800+30"]

1. c4 e6 2. Nf3 d5 3. g3 d4 4. e3 Nc6 5. exd4 Nxd4 6. Bg2 Bc5 7. O-O Nf6 8. d3 O-O 9. Nbd2 Qd6 10. Nb3 Nxb3 11. Qxb3 e5 12. Bg5 Bf5 13. Bxf6 Qxf6 14. Nd2 Bd4 15. Ne4 Qb6 16. Qc2 Rad8 17. Rab1 Qg6 18. Kh1 h5 19. Qe2 Rfe8 20. Bf3 Bh3 21. Rfe1 Bg4 22. Bxg4 hxg4 23. f3 f5 24. Nd2 Qc6 25. Kg2 Re6 26. h3 gxh3+ 27. Kxh3 Rg6 28. Nb3 Rxg3+ 29. Kxg3 Qg6+ 30. Kh2 Kf7 31. Qg2 Rh8+ 32. Qh3 Rxh3+ 33. Kxh3 f4 0-1

[Event "5th EKA IIFL Investment 2019"]
[Site "Mumbai"]
[Date "2020.01.06"]
[Round "8.55"]
[White "Aradhya, Garg"]
[Black "Kadam Om Manish"]
[Result "0-1"]
[WhiteElo "2197"]
[BlackElo "1933"]
[Annotator "ChessBase"]
[PlyCount "100"]
[EventDate "2019.12.30"]
[EventType "swiss"]
[EventCountry "IND"]
[SourceTitle "playchess.com"]
[Source "ChessBase"]
[SourceQuality "1"]
[TimeControl "40/5400+30:1800+30"]

1. e4 {[%emt 0:00:00]} c5 {[%emt 0:00:00]} 2. Nf3 {[%emt 0:00:00]} d6 {[%emt 0:00:00]} 3. Nc3 {[%emt 0:00:22]} Nf6 {[%emt 0:00:00]} 4. d4 {[%emt 0:00:11]} cxd4 {[%emt 0:00:04]} 5. Nxd4 {[%emt 0:00:02]} a6 {[%emt 0:00:16]} 6. Be3 {[%emt 0:00:03]} e5 {[%emt 0:00:07]} 7. Nf3 {[%emt 0:00:06]} Be7 {[%emt 0:02:57]} 8. Bc4 {[%emt 0:01:22]} O-O {[%emt 0:00:09]} 9. O-O {[%emt 0:01:27]} Qc7 {[%emt 0:00:33]} 10. Bb3 {[%emt 0:05:29]} b5 {[%emt 0:02:14]} 11. a4 {[%emt 0:03:39]} b4 {[%emt 0:00:50]} 12. Nd5 {[%emt 0:01:01]} Nxd5 {[%emt 0:00:13]} 13. exd5 {[%emt 0:05:32]} a5 {[%emt 0:00:41]} 14. c3 {[%emt 0:03:35]} Ba6 {[%emt 0:01:30]} 15. Re1 {[%emt 0:03:57]} bxc3 {[%emt 0:02:54]} 16. Rc1 {[%emt 0:00:26]} Qb7 {[%emt 0:00:52]} 17. Rxc3 {[%emt 0:00:54]} Nd7 {[%emt 0:00:25]} 18. Qc2 {[%emt 0:03:08]} Rac8 {[%emt 0:01:14]} 19. Rc6 {[%emt 0:11:50]} Nb8 {[%emt 0:02:35]} 20. Rc1 {[%emt 0:03:49]} Nxc6 {[%emt 0:03:12]} 21. dxc6 {[%emt 0:00:03]} Qc7 {[%emt 0:00:32]} 22. Qf5 {[%emt 0:11:28]} Rb8 {[%emt 0:02:58]} 23. Bd5 {[%emt 0:16:27]} Bc8 {[%emt 0:02:11]} 24. Qh5 {[%emt 0:01:24]} Rb4 {[%emt 0:04:05]} 25. h3 {[%emt 0:07:02]} Be6 {[%emt 0:05:27]} 26. Bxe6 {[%emt 0:00:06]} fxe6 {[%emt 0:00:06]} 27. Bd2 {[%emt 0:07:09]} Rxa4 {[%emt 0:08:26]} 28. b4 {[%emt 0:02:29]} axb4 {[%emt 0:05:10]} 29. Qg4 {[%emt 0:00:05]} Rf5 {[%emt 0:00:07]} 30. Bg5 {[%emt 0:03:04]} Ra8 {[%emt 0:01:36]} 31. Bxe7 {[%emt 0:01:45]} Qxe7 {[%emt 0:00:05]} 32. Qxb4 {[%emt 0:00:06]} Qc7 {[%emt 0:01:17]} 33. Nd2 {[%emt 0:01:05]} d5 {[%emt 0:04:15]} 34. Qb7 {[%emt 0:02:22]} Rc8 {[%emt 0:02:18]} 35. Qa6 {[%emt 0:00:28]} Rff8 {[%emt 0:00:43]} 36. Nf3 {[%emt 0:01:17]} Qd6 {[%emt 0:01:40]} 37. Nd2 {[%emt 0:01:31]} Qb4 {[%emt 0:02:11]} 38. Rc2 {[%emt 0:01:24]} Qd4 {[%emt 0:01:03]} 39. c7 {[%emt 0:01:10]} Qxf2+ {[%emt 0:02:33]} 40. Kh1 {[%emt 0:00:00]} Qf7 {[%emt 0:00:00]} 41. Qd6 {[%emt 0:01:38]} e4 {[%emt 0:02:18]} 42. Rc1 {[%emt 0:03:11]} Rfe8 {[%emt 0:03:42]} 43. Qb6 {[%emt 0:09:18]} h6 {[%emt 0:02:55]} 44. Qb7 {[%emt 0:00:14]} Qd7 {[%emt 0:00:32]} 45. Nb3 {[%emt 0:04:31]} Re7 {[%emt 0:00:13]} 46. Qb8 {[%emt 0:01:02]} Kh7 {[%emt 0:01:01]} 47. Nc5 {[%emt 0:00:36]} Qxc7 {[%emt 0:00:36]} 48. Qb1 {[%emt 0:00:08]} Qe5 {[%emt 0:00:50]} 49. Rc2 {[%emt 0:00:53]} Rec7 {[%emt 0:00:51]} 50. Nd7 {[%emt 0:00:13]} Rxc2 {[%emt 0:00:18]} 0-1

[Event "5th EKA IIFL Investment 2019"]
[Site "Mumbai"]
[Date "2020.01.06"]
[Round "8.56"]
[White "Jubin Jimmy"]
[Black "Laddha, Shubh Jayesh"]
[Result "1/2-1/2"]
[WhiteElo "2193"]
[BlackElo "1975"]
[Annotator "ChessBase"]
[PlyCount "57"]
[EventDate "2019.12.30"]
[EventType "swiss"]
[EventCountry "IND"]
[SourceTitle "playchess.com"]
[Source "ChessBase"]
[SourceQuality "1"]
[TimeControl "40/5400+30:1800+30"]

1. d4 {[%emt 0:00:00]} Nf6 {[%emt 0:00:00]} 2. c4 {[%emt 0:00:00]} e6 {[%emt 0:00:00]} 3. Nc3 {[%emt 0:00:05]} Bb4 {[%emt 0:00:00]} 4. Qc2 {[%emt 0:00:02]} Nc6 {[%emt 0:00:00]} 5. Nf3 {[%emt 0:00:06]} d6 {[%emt 0:00:08]} 6. Bd2 {[%emt 0:00:04]} O-O {[%emt 0:00:12]} 7. a3 {[%emt 0:00:03]} Bxc3 {[%emt 0:00:08]} 8. Bxc3 {[%emt 0:00:03]} Qe7 {[%emt 0:00:11]} 9. g3 {[%emt 0:00:13]} e5 {[%emt 0:00:09]} 10. d5 {[%emt 0:00:04]} Nb8 {[%emt 0:00:04]} 11. Bg2 {[%emt 0:00:06]} a5 {[%emt 0:00:13]} 12. O-O {[%emt 0:01:45]} a4 {[%emt 0:07:39]} 13. e4 {[%emt 0:00:22]} Nbd7 {[%emt 0:05:20]} 14. Rae1 {[%emt 0:04:02]} Nc5 {[%emt 0:17:54]} 15. Nd2 {[%emt 0:02:45]} Nfd7 {[%emt 0:04:45]} 16. f4 {[%emt 0:02:18]} f6 {[%emt 0:04:05]} 17. Re3 {[%emt 0:03:17]} b6 {[%emt 0:04:17]} 18. f5 {[%emt 0:00:20]} Ba6 {[%emt 0:03:04]} 19. Bb4 {[%emt 0:03:14]} b5 {[%emt 0:06:37]} 20. cxb5 {[%emt 0:00:08]} Bxb5 {[%emt 0:00:09]} 21. Rc1 {[%emt 0:01:14]} Rfb8 {[%emt 0:02:16]} 22. h4 {[%emt 0:09:20]} Na6 {[%emt 0:07:58]} 23. Bc3 {[%emt 0:05:25]} Ndc5 {[%emt 0:01:52]} 24. Kh2 {[%emt 0:03:45]} Rb7 {[%emt 0:01:26]} 25. Rd1 {[%emt 0:02:06]} Rab8 {[%emt 0:01:04]} 26. Kh1 {[%emt 0:06:25]} Rb6 {[%emt 0:05:45]} 27. Kh2 {[%emt 0:03:20]} R6b7 {[%emt 0:00:15]} 28. Kh1 {[%emt 0:04:43]} Rb6 {[%emt 0:00:11]} 29. Kh2 {[%emt 0:00:39]} 1/2-1/2

[Event "5th EKA IIFL Investment 2019"]
[Site "Mumbai"]
[Date "2020.01.06"]
[Round "8.57"]
[White "Rathneesh R"]
[Black "Masango, Spencer"]
[Result "0-1"]
[WhiteElo "2064"]
[BlackElo "2181"]
[Annotator "ChessBase"]
[PlyCount "106"]
[EventDate "2019.12.30"]
[EventType "swiss"]
[EventCountry "IND"]
[SourceTitle "playchess.com"]
[Source "ChessBase"]
[SourceQuality "1"]
[TimeControl "40/5400+30:1800+30"]

1. c4 e5 2. g3 Nc6 3. Bg2 Nf6 4. Nc3 Bb4 5. e4 d6 6. Nge2 Bg4 7. h3 Bxe2 8. Nxe2 Bc5 9. d3 O-O 10. O-O Rb8 11. a3 a5 12. Kh2 b5 13. cxb5 Rxb5 14. Qa4 Rb6 15. Rb1 h6 16. Bd2 Qa8 17. Bc3 Qa6 18. b4 Rfb8 19. Ra1 axb4 20. Qxa6 Rxa6 21. axb4 Rxa1 22. Bxa1 Rxb4 23. f4 Nd4 24. fxe5 Nxe2 25. exf6 Bg1+ 26. Kh1 Bd4 27. Re1 Nxg3+ 28. Kh2 Nh5 29. fxg7 Bxa1 30. Rxa1 Rb2 31. Kg1 Nf4 32. Bf1 Kxg7 33. Rc1 Ne6 34. Ra1 Kf6 35. Ra5 c5 36. Ra6 Ke5 37. Ra7 Ng5 38. Bg2 Kf4 39. h4 Kg3 40. hxg5 Rxg2+ 41. Kf1 Rf2+ 42. Ke1 hxg5 43. Ra6 Rf6 44. Kd2 g4 45. Ke3 Kh3 46. Ra8 g3 47. Rh8+ Kg2 48. Rg8 Kh2 49. Rh8+ Kg1 50. Rg8 g2 51. Ke2 Kh2 52. Rh8+ Kg3 53. Rg8+ Rg6 0-1

[Event "5th EKA IIFL Investment 2019"]
[Site "Mumbai"]
[Date "2020.01.06"]
[Round "8.58"]
[White "Barath Kalyan M"]
[Black "Deshpande, Aniruddha"]
[Result "1/2-1/2"]
[WhiteElo "2091"]
[BlackElo "2275"]
[Annotator "RC"]
[PlyCount "84"]
[EventDate "2019.12.30"]
[EventType "swiss"]
[EventCountry "IND"]
[SourceTitle "playchess.com"]
[Source "ChessBase"]
[SourceQuality "1"]
[TimeControl "40/5400+30:1800+30"]

1. d4 Nf6 2. Nf3 g6 3. g3 Bg7 4. Bg2 O-O 5. O-O d6 6. c4 c6 7. Nc3 Bf5 8. Bf4 Ne4 9. Nxe4 Bxe4 10. Qd2 Nd7 11. Bh6 a5 12. Rfd1 a4 13. Rac1 Qa5 14. Qe3 Nf6 15. Bxg7 Kxg7 16. Bf1 Rfe8 17. g4 Bxf3 18. exf3 e6 19. h4 h6 20. Kg2 Qc7 21. Be2 d5 22. Qe5 Rec8 23. f4 dxc4 24. g5 hxg5 25. fxg5 Qxe5 26. dxe5 Nd5 27. Bxc4 a3 28. bxa3 Rh8 29. Bxd5 exd5 30. Rd4 Rhe8 31. Rb4 Rxe5 32. Rxb7 Rxa3 33. Rxc6 Rf5 34. Rb3 Ra4 35. Kg3 Rff4 36. f3 Rxh4 37. Rf6 Rh5 38. f4 Ra7 39. a4 Rh8 40. Rb4 Rc8 41. Rd4 Rc3+ 42. Kg4 Ra5 1/2-1/2

[Event "5th EKA IIFL Investment 2019"]
[Site "Mumbai"]
[Date "2020.01.06"]
[Round "8.59"]
[White "Rakshitta Ravi"]
[Black "Sarbojit Paul"]
[Result "1-0"]
[WhiteElo "2260"]
[BlackElo "2084"]
[Annotator "ChessBase"]
[PlyCount "91"]
[EventDate "2019.12.30"]
[EventType "swiss"]
[EventCountry "IND"]
[SourceTitle "playchess.com"]
[Source "ChessBase"]
[SourceQuality "1"]
[TimeControl "40/5400+30:1800+30"]

1. e4 c5 2. Nf3 d6 3. Nc3 a6 4. d4 cxd4 5. Nxd4 Nf6 6. g3 Nc6 7. Bg2 Bg4 8. Nxc6 bxc6 9. f3 Bd7 10. Be3 e5 11. O-O Be7 12. h3 Rb8 13. Rb1 Qc8 14. Kh2 h5 15. Na4 Bxh3 16. Bxh3 Ng4+ 17. fxg4 hxg4 18. Kg2 gxh3+ 19. Kh2 Qe6 20. Nc3 Rd8 21. Qf3 d5 22. Bb6 Rd7 23. Qf5 Rb7 24. Qxe6 fxe6 25. Na4 Bf6 26. b4 Kf7 27. Ba5 Ke7 28. Nc5 Ra7 29. Bb6 Raa8 30. a4 g5 31. Nd3 Bg7 32. Bc5+ Ke8 33. Rbe1 Rd8 34. exd5 Rxd5 35. Rf2 Rh5 36. Rfe2 g4 37. Re4 Rg5 38. Nf2 Rd2 39. R1e2 Rxe2 40. Rxe2 Kf7 41. Re4 Kg6 42. Rxg4 Rxg4 43. Nxg4 Kf5 44. Nf2 Bh6 45. Kxh3 e4 46. Ng4 1-0

[Event "5th EKA IIFL Investment 2019"]
[Site "Mumbai"]
[Date "2020.01.07"]
[Round "9.1"]
[White "Yakubboev, Nodirbek"]
[Black "Chanda, Sandipan"]
[Result "0-1"]
[WhiteElo "2592"]
[BlackElo "2545"]
[Annotator "TA"]
[PlyCount "70"]
[EventDate "2019.12.30"]
[EventType "swiss"]
[EventCountry "IND"]
[SourceTitle "playchess.com"]
[Source "ChessBase"]
[SourceQuality "1"]

{[%evp 15,76,43,45,45,41,44,39,45,47,5,42,5,41,22,24,-14,-11,-20,-17,-18,-14,-12,-12,-15,-10,-11,-9,-8,0,-12,-15,-35,-21,-45,-57,-53,-50,-70,-44,-203,-134,-205,-216,-366,-41,-52,-53,-60,-70,-254,856,-173,907,-433,-96,-29994,2412,-2231,-436,-5252,0,-29992,-520]} 1. d4 f5 2. g3 Nf6 3. Bg2 e6 4. Nf3 g6 5. O-O Bg7 6. c4 O-O 7. Nc3 d5 8. Bf4 c6 9. e3 {A87: Dutch Defence: Leningrad System: 5 Nf3} (9. Qd3 Ne4 10. Be5 Bh6 11. Bf4 Bg7 12. b4 Nd7 13. Rab1 Nb6 14. cxd5 cxd5 15. Rfc1 Bd7 16. Ne5 Rc8 {½-½ (45) Vidit,S (2707)-Sandipan,C (2511) Xingtai 2019}) 9... Nbd7 10. Rc1 Ne4 $146 ({Predecessor:} 10... Re8 11. Re1 Ne4 12. b4 Nb6 13. Bf1 Nxc4 14. Bxc4 Nxc3 15. Rxc3 dxc4 16. Rxc4 b6 {1-0 (38) Tran,T (2524)-Sandipan,C (2555) Mumbai 2019}) 11. Qc2 {White is slightly better.} Qe7 12. Rfd1 Re8 (12... g5 $5 {[%cal Rg5f4]} 13. Be5 Nxe5 14. Nxe5 Bxe5 15. dxe5 g4 $11) 13. Bf1 h6 (13... g5 $5 {[%cal Rg5f4]} 14. Be5 Nxe5 15. Nxe5 Bxe5 16. dxe5 g4 $11) 14. a3 g5 15. Bc7 (15. Be5 $5) 15... Ndf6 16. Be5 Ng4 17. Bxg7 Qxg7 18. Nxe4 fxe4 19. Ne1 Rf8 20. Rd2 Qf7 $36 {[%mdl 2048] Black is pushing.} 21. Bg2 Bd7 22. h3 Nf6 23. f3 {[%cal Rf3e4]} Qh7 24. fxe4 Nxe4 25. Bxe4 dxe4 26. g4 h5 27. Qd1 $2 (27. gxh5 $1 $15 e5 28. h4) 27... Rf7 28. Rg2 {[#]} (28. Rcc2 $17) 28... e5 $1 $19 {[%mdl 512]} 29. gxh5 (29. Rcc2 $142) (29. dxe5 hxg4) 29... Qf5 $2 (29... Bxh3 $19 30. Rcc2 (30. Rxg5+ $2 Rg7 $19) 30... Bxg2 31. Rxg2 exd4 32. Rxg5+ Rg7) 30. dxe5 $15 Raf8 31. Qd6 Be6 {[%mdl 1024] Strongly threatening ...Rd7. Black has compensation.} 32. Nc2 $2 (32. h4 $1 $15 Kh8 33. hxg5) 32... g4 $4 {[%mdl 8192]} (32... Qxh3 $19 33. Ra1 Kh8) 33. Re1 $4 {[%mdl 8192]} (33. hxg4 $18 {was the only winning move.} Qg5 34. Qxe6) 33... c5 $4 {[%mdl 8192]} (33... g3 $19 34. Rxg3+ Rg7 35. Rxg7+ Kxg7 36. Qe7+ (36. Qd2 $2 Qxh5 37. Rf1 Qg6+ 38. Qg2 Qxg2+ 39. Kxg2 Bxh3+ {[%mdl 64] Deflection} 40. Kxh3 Rxf1 $19) 36... Kh6) 34. Qd2 $4 {[%mdl 8192]} (34. hxg4 $18 {is the narrow road to win.} Qg5 35. Qxe6) 34... Kh7 $2 (34... Qxe5 $19 {has better winning chances. Hoping for ...g3.} 35. Qc3 Qxh5 36. hxg4 Qh3) 35. Qc3 $2 {[%mdl 8192]} (35. hxg4 $17 Qxe5 36. g5) 35... g3 {Played: Qf5xe5} 0-1

[Event "5th EKA IIFL Investment 2019"]
[Site "Mumbai"]
[Date "2020.01.07"]
[Round "9.2"]
[White "Deepan Chakkravarthy J."]
[Black "Bogdanovich, Stanislav"]
[Result "1-0"]
[WhiteElo "2535"]
[BlackElo "2562"]
[Annotator "TA"]
[PlyCount "129"]
[EventDate "2019.12.30"]
[EventType "swiss"]
[EventCountry "IND"]
[SourceTitle "playchess.com"]
[Source "ChessBase"]
[SourceQuality "1"]

1. c4 e6 2. g3 d5 3. Bg2 Nf6 4. Nf3 dxc4 5. Qa4+ Bd7 6. Qxc4 c5 7. Ne5 Qc8 8. b3 Nc6 9. Nxd7 Qxd7 10. Bb2 Be7 11. d3 O-O 12. O-O Rac8 13. Nd2 Nd4 14. Rfe1 b5 15. Qc1 Rfd8 16. a3 h5 17. Rb1 h4 18. Ba1 e5 19. e3 Nc6 20. Nf3 hxg3 21. hxg3 Qf5 22. Qb2 Ng4 23. Rbd1 Rd6 24. Nh2 Nxh2 25. Kxh2 Rcd8 26. Be4 Rh6+ 27. Kg1 Qh3 28. Qe2 Qh2+ 29. Kf1 Rf6 30. f4 Qxg3 31. Qg2 Qxg2+ 32. Kxg2 Re6 33. f5 Rh6 34. Rh1 Rxh1 35. Rxh1 Na5 36. Rb1 c4 37. bxc4 bxc4 38. Bc3 Nb3 39. dxc4 Nd2 40. Bxd2 Rxd2+ 41. Kf3 Kf8 42. Rb7 a5 43. a4 g6 44. fxg6 fxg6 45. Rb5 Bd8 46. Rxe5 g5 47. c5 Rd7 48. c6 Re7 49. Rxg5 Rf7+ 50. Rf5 Rxf5+ 51. Bxf5 Ke7 52. Kf4 Bc7+ 53. Ke4 Kd6 54. Bd7 Bb6 55. Kf4 Bc5 56. e4 Bd4 57. Kf5 Bc3 58. Be8 Kc7 59. Ke6 Bb4 60. Kd5 Ba3 61. Bh5 Bb4 62. Bf3 Ba3 63. e5 Bb2 64. Ke6 Bc3 65. Bd5 1-0

[Event "5th EKA IIFL Investment 2019"]
[Site "Mumbai"]
[Date "2020.01.07"]
[Round "9.3"]
[White "Abdisalimov, Abdimalik"]
[Black "Vaibhav, Suri"]
[Result "0-1"]
[WhiteElo "2394"]
[BlackElo "2597"]
[Annotator "ChessBase"]
[PlyCount "62"]
[EventDate "2019.12.30"]
[EventType "swiss"]
[EventCountry "IND"]
[SourceTitle "playchess.com"]
[Source "ChessBase"]
[SourceQuality "1"]

1. d4 Nf6 2. c4 e6 3. Nc3 Bb4 4. e3 O-O 5. Bd3 d5 6. Nf3 dxc4 7. Bxc4 c5 8. O-O cxd4 9. exd4 b6 10. Qe2 Bb7 11. Bg5 Bxc3 12. bxc3 Nbd7 13. Ne5 Rc8 14. Rac1 Nxe5 15. dxe5 Rc5 16. Bd3 Qc7 17. f4 Nd5 18. Qe4 g6 19. c4 Nb4 20. Qe3 Nxd3 21. Qxd3 Rc8 22. Rf2 b5 23. Qd6 Rxc4 24. Rxc4 bxc4 25. f5 exf5 26. Qf6 Qc6 27. e6 Qxe6 28. Qc3 Re8 29. Rb2 Bd5 30. Bf6 f4 31. Bd4 a6 0-1